Podiel na zisku a daň z príjmov
Právna úprava nároku na podiel na zisku. Podiel sa nadobúda vkladom spoločníka do spoločnosti a vyjadruje mieru jeho účasti na čistom obchodnom imaní. Jeho výška sa určuje pomerom vkladu spoločníka k základnému imaniu spoločnosti. Týmto pomerom sú určené majetkové práva spoločníka, ale aj jeho nemaj...
Enregistré dans:
| Auteur principal: | |
|---|---|
| Format: | Chapitre de livre |
| Langue: | slovaque |
| Sujets: | |
| Tags: |
Pas de tags, Soyez le premier à ajouter un tag!
|
MARC
| LEADER | 00000naa a2200000 4500 | ||
|---|---|---|---|
| 001 | 0136942 | ||
| 005 | 20231208084731.4 | ||
| 041 | 0 | |a slo | |
| 044 | |a SK | ||
| 245 | 1 | 0 | |a Podiel na zisku a daň z príjmov |c Lucia Vanková |
| 520 | |a Právna úprava nároku na podiel na zisku. Podiel sa nadobúda vkladom spoločníka do spoločnosti a vyjadruje mieru jeho účasti na čistom obchodnom imaní. Jeho výška sa určuje pomerom vkladu spoločníka k základnému imaniu spoločnosti. Týmto pomerom sú určené majetkové práva spoločníka, ale aj jeho nemajetkové práva, ako sú práva na správu a riadenie spoločnosti, ak spoločenská zmluva neurčuje inak. Majetkové právo prezentuje počas trvania spoločnosti právo podieľať sa na výsledku hospodárenia (zisku), ale aj právo na vyrovnací podiel alebo podiel na likvidačnom zostatku. Ilustračné príklady. | ||
| 610 | 2 | 0 | |a dane z príjmov |
| 610 | 2 | 0 | |a podiely na zisku |
| 610 | 2 | 0 | |a osoby právnické |
| 610 | 2 | 0 | |a spoločnosti obchodné |
| 610 | 2 | 0 | |a legislatíva |
| 100 | 1 | |a Vanková, Lucia | |